1269 1870 1084 1774 1340 1715 1304 1098 1626 1451 1441 1367 1064 1288 1703 1008 1056 1039 1667 1616 1614 1093 1635 1703 1299 1726 1640 1880 1398 1312 1003 1073 1199 1202 1927 1874 1148 1457 1158 1043 1313 1197 1864 1658 1245 1363 1291 1310 1551 1357 1330 1016 1197 1262 1634 1814 1075 1901 1087 1201 1529 1582 1002 1311 1404 1029 1899 1213 1520 1453 1782 1100 1276 1798 1560 1696 1564 1910 1169 1118 1890 1307 1194 1885 1997 1868 1603 1637 1970 1243 1433 1619 1217 1562 1750 1959 1829 1427 1786 BCNSPRNW ULIB Ver.6.0+V

เปลี่ยนเป็นภาษาไทย

Change to English
 แสดงรายละเอียดบรรณานุกรม
  กลับหน้าหลัก

Brief Record : Get Marc (ISO 2709) : E-mail record : QR code < ปิดหน้าต่าง
LEADER : 00000nam 2200000uu 4500
001    13399113504
003     ULIB
008    110627s2552||||th 000 0 tha d
020    9786117190179
090    นว.^bพ681ล 2552
100 0  เล่ห์รุ้ง
245 00 ฟ้าพราวระยับ/^cเล่ห์รุ้ง
250    พิมพ์ครั้งที่ 1
260    กรุงเทพฯ :^bแจ่มใส,^c2552
300    326 หน้า
710 1  แจ่มใส
945    ^p198^l0^i026018
995    ทศพร
999 ^a ใช้งานได้ทุกระบบ
รายการนี้ยังไม่มีแท็ก
คุณยังไม่ได้ล็อกอิน คุณสามารถมีกิจกรรมร่วมกับเว็บไซต์ได้ แต่ต้องล็อกอินก่อน ::
  ล็อกอิน

รายการสื่อสารสนเทศ

ลำดับที่ ประเภท เลขเรียก/บาร์โค้ด สถานที่ สถานะ
1. นวนิยาย
นวนิยาย
นว. พ681ล 2552 ฉ.1 
  Barcode: 026018
ห้องสมุดวิทยาเขตสวรรค์ประชารักษ์
►นวนิยาย
บนชั้น
  ขอยืม

BibComment


ยังไม่เคยถูกคอมเมนท์

คอมเมนท์ทรัพยากรรายการนี้
  คอมเมนท์: ฟ้าพราวระยับ เล่ห..


 Copyright 2026. Bcnsprnw @Library